X ray diffraction

Saved in:
Bibliografiske detaljer
Hovedforfatter: Warren, B. E (Author)
Format: Bog
Sprog:engelsk
Udgivet: Reading Addison-Wesley 1969
Fag:
Tags: Tilføj Tag
Ingen Tags, Vær først til at tagge denne postø!

MARC

LEADER 00000nam a2200000 a 4500
001 UCU0245
003 CL-VaPUC
008 960322e19690000US |||||||||||||||||eng|d
082 0 4 |a 535.4  |b WAR  |2 21 
100 0 |a Warren, B. E  |e author  |9 355234 
245 1 0 |a X ray diffraction 
300 |a 374 p 
942 |c BK 
945 |d 19960322 00:00:00  |a rbrito 
260 |a Reading  |b Addison-Wesley  |c 1969 
650 0 |a Rayos X  |9 313670 
650 7 |a DIFRACCION DE LOS RAYOS X  |2 CL-VaPUC  |9 355235 
650 0 |a Polarización   |9 354950 
650 0 |a Series de Fourier  |9 260465 
650 0 |a Temperatura  |9 355236 
583 |a last modification  |c 19960322 00:00:00  |k Rodrigo Vera 
999 |c 245125  |d 245123 
952 |0 0  |1 0  |4 0  |6 535_400000000000000_WAR_1969  |7 0  |8 A  |9 259522  |a BIBCUR  |b BIBCUR  |d 2019-11-19  |i 3180646  |o 535.4 WAR 1969  |p 3180646  |r 2025-04-22  |w 2019-11-19  |y BK  |k BCB